Sistema agroforestal de las chagras indígenas del Medio Caquetá (Registro nro. 2472)

Detalles MARC
000 -CABECERA
Campo de control 01212nam a2200337 a 4500
005 - FECHA Y HORA DE LA ULTIMA TRANSACCION
Campo de control 20200104041532.0
008 - ELEMENTOS DE LONGITUD FIJA—INFORMACION GENERAL
Campo de control 160112t1999 ck abd fr|||| 000 0 spa d
020 ## - ISBN
ISBN 958953781 (Estudios en la amazonia Colombiana)
020 ## - ISBN
ISBN 9589365108 (Volumen XVII)
040 ## - FUENTE DE CATALOGACIÓN
Agencia catalogadora original CO-BoIAVH
Agencia transcriptora CO-BoIAVH
041 0# - IDIOMA
Código de idioma para texto/pista de sonido o título separado Español
044 ## - PAÍS DE PUBLICACIÓN
País de publicación Colombia
090 ## - CLASIFICACIÓN LOCAL
Colección RE
Consecutivo 00060
100 1# - ASIENTO PRINCIPAL--NOMBRE PERSONAL
Nombre personal Vélez Ortiz, Germán Alonso
9 (RLIN) 49502
245 10 - MENCION DE TITULO
Título Sistema agroforestal de las chagras indígenas del Medio Caquetá
246 11 - FORMA VARIANTE DEL TITULO
Título propiamente dicho/forma breve del título Agroforestry systems of indigenus "Chagras" in the Middle Caquetá
250 ## - MENCION DE EDICION
Mención de edición Primera edición
260 ## - PUBLICACION, DISTRIBUCION, ETC. (PIE DE IMPRENTA)
Lugar de publicación, distribución, etc. Bogotá :
Nombre del editor, distribuidor, etc. Tropenbos Colombia ,
Fecha de publicación, distribución, etc. c1999.
300 ## - DESCRIPCION FISICA
Extensión 285 páginas :
Otros detalles físicos Ilustraciones, mapas, gráficos ;
Dimensiones 24 x 17 cm.
490 ## - MENCION DE SERIE
Mención de serie Estudios en la amazonia Colombiana
Designación numérica/secuencial del volumen 17
650 #6 - ASIENTO SECUNDARIO DE MATERIA - TERMINO TEMATICO
Término temático o nombre geográfico como elemento de entrada Comunidades indígenas
9 (RLIN) 60928
650 #6 - ASIENTO SECUNDARIO DE MATERIA - TERMINO TEMATICO
Término temático o nombre geográfico como elemento de entrada Comunidad Huitoto - Muiname
9 (RLIN) 49504
650 #6 - ASIENTO SECUNDARIO DE MATERIA - TERMINO TEMATICO
Término temático o nombre geográfico como elemento de entrada Comunidad Muiname - Nonuya
9 (RLIN) 49505
650 #6 - ASIENTO SECUNDARIO DE MATERIA - TERMINO TEMATICO
Término temático o nombre geográfico como elemento de entrada Sistemas agroforestales
9 (RLIN) 8711
650 #6 - ASIENTO SECUNDARIO DE MATERIA - TERMINO TEMATICO
Término temático o nombre geográfico como elemento de entrada Chagras
9 (RLIN) 49506
650 #6 - ASIENTO SECUNDARIO DE MATERIA - TERMINO TEMATICO
Término temático o nombre geográfico como elemento de entrada Conocimiento tradicional
9 (RLIN) 92244
650 #6 - ASIENTO SECUNDARIO DE MATERIA - TERMINO TEMATICO
Término temático o nombre geográfico como elemento de entrada Desarrollo sostenible
9 (RLIN) 278
662 ## - ASIENTO SECUNDARIO DE MATERIA - JERARQUIA DEL NOMBRE DE LUGAR(
País o entidad mayor Colombia
Jurisdicción política de primer orden Caquetá
700 1# - ASIENTO SECUNDARIO - NOMBRE PERSONAL
Nombre personal Vélez García, Antonio José
9 (RLIN) 49509
942 ## - ELEMENTOS ADICIONALES (KOHA)
Tipo de ítem Libro
Sistema de clasificación Dewey Decimal Classification
Existencias
Withdrawn status Lost status Sistema de Clasificación Damaged status No para préstamo Colección Inventariado Ubicación Permanente Ubicación actual Fecha de adquisición Fuente de Valor Valor Total Checkouts Número topográfico Inventario / Código de Barras Date last seen Ejemplar Price effective from Forma de adquisición Tipo de material
    Local     General Inventariado 2017 Bogotá Bogotá 25/09/2001 Instituto 39000.00   RE-00060 003063 04/12/2012 T-17 Ej. 1 04/12/2012   Libro